00846cam a2200229 a 4500003000400000005001700004008004100021020003100062020001800093040002400111082002200135245012100157260004100278300004500319490002800364504004100392650004200433650004400475650003700519650003600556650002400592INP20181104152525.0120717s2012 dcuab frb 000 0 eng d a9780821388389 (alk. paper) a9780821394571 aEG-INPcEG-INPbeng04a628.1672221br e10aRenewable energy desalination :ban emerging solution to close the water gap in the Middle East and North Africa's . aWashington DC :bWorld Bank,cc2012. a208 p. :bcol. ill., col. maps ;c26 cm. aMENA development report aIncludes bibliographical references. 0aSaline water conversionzMiddle East. 0aSaline water conversionzAfrica, North. 0aWater distillationzMiddle East. 0aDistilled waterzAfrica, North. 0aWaterxdistillation